Present position and new role of chief information officers

Enregistré dans:
Détails bibliographiques
Auteur principal: Čarnický, Štefan
Autres auteurs: Sudzina, František
Format: Chapitre de livre
Langue:anglais
Tags: Ajouter un tag
Pas de tags, Soyez le premier à ajouter un tag!

MARC

LEADER 00000naa$a2200000$$$4500
001 0103479
005 20240502083247.0
041 0 |a eng 
044 |a UA 
245 1 0 |a Present position and new role of chief information officers  |c Štefan Čarnický, František Sudzina 
100 1 |a Čarnický, Štefan 
700 1 |a Sudzina, František